[Event "XXVI Festival Isola d'Elba A"]
[Site "Capoliveri ITA"]
[Date "2008.05.11"]
[Round "2"]
[White "Castiello, Luigi"]
[Black "Rigo, Janos"]
[Result "0-1"]
[WhiteElo "2142"]
[BlackElo "2298"]
[PlyCount "128"]
[EventDate "2008.05.10"]

1. e4 c5 2. Nf3 Nc6 3. d4 cxd4 4. Nxd4 Nf6 5. Nc3 g6 6. Be3 Bg7 7. f3 O-O 8.
Qd2 d5 9. exd5 Nxd5 10. Nxc6 bxc6 11. Bd4 e5 12. Bc5 Re8 13. O-O-O Be6 14. Ne4
h6 15. g4 Rb8 16. Bc4 a5 17. a4 f5 18. gxf5 gxf5 19. Nd6 Re7 20. Rhg1 Kh7 21.
c3 Rd7 22. Bxd5 cxd5 23. Qg2 Qf6 24. f4 exf4 25. Bd4 Qg5 26. Qd2 Bxd4 27. Qxd4
Qh4 28. Rd2 Rg8 29. Rxg8 Bxg8 30. Qe5 Qg5 31. Qxf5+ Qxf5 32. Nxf5 Be6 33. Nd4
Bg4 34. Rf2 Rf7 35. b3 Rf6 36. Kc2 Kg6 37. Kd3 Kg5 38. b4 Bd1 39. bxa5 Bxa4 40.
Nf3+ Kh5 41. Kd4 Bd1 42. Kc5 Bxf3 43. Rxf3 Kg4 44. Rf2 f3 45. Kxd5 Kf4 46. Ra2
Ke3 47. a6 f2 48. Ra1 Rxa6 49. Rxa6 f1=Q 50. Re6+ Kd3 51. c4 Qf3+ 52. Kc5 Qf5+
53. Kd6 Kxc4 54. Ke7 Qh5 55. Kf6 Kd5 56. Ra6 Qxh2 57. Ra5+ Kd6 58. Ra6+ Kd7 59.
Ra7+ Kc6 60. Rh7 Qf4+ 61. Kg7 Qg5+ 62. Kh8 h5 63. Rg7 Qh6+ 64. Kg8 Qxg7+ 0-1

[Event "XXVI Festival Isola d'Elba A"]
[Site "Capoliveri ITA"]
[Date "2008.05.11"]
[Round "2"]
[White "Codenotti, Marco"]
[Black "Luciani, Carlo"]
[Result "1-0"]
[WhiteElo "2063"]
[BlackElo "2256"]
[PlyCount "37"]
[EventDate "2008.05.10"]

1. e4 e5 2. Nf3 Nc6 3. Bb5 a6 4. Bxc6 dxc6 5. O-O Qd6 6. Na3 Be6 7. Qe2 f6 8.
Rd1 O-O-O 9. d4 Bg4 10. Be3 Qe6 11. dxe5 Rxd1+ 12. Qxd1 Bxa3 13. bxa3 fxe5 14.
Ng5 Bxd1 15. Nxe6 Bg4 16. Nxg7 Nf6 17. f3 Bxf3 18. gxf3 Rg8 19. Bh6 1-0

[Event "XXVI Festival Isola d'Elba A"]
[Site "Capoliveri ITA"]
[Date "2008.05.11"]
[Round "2"]
[White "Csala, Imre"]
[Black "Gambardella, Piero"]
[Result "1-0"]
[WhiteElo "2254"]
[BlackElo "2024"]
[PlyCount "67"]
[EventDate "2008.05.10"]

1. d4 Nf6 2. c4 e6 3. a3 d5 4. Nc3 Be7 5. Nf3 O-O 6. Bg5 b6 7. e3 Bb7 8. Bxf6
Bxf6 9. cxd5 exd5 10. Qb3 c5 11. dxc5 d4 12. Nxd4 Bxd4 13. O-O-O Bxe3+ 14. fxe3
Qe7 15. Bc4 Nc6 16. cxb6 Rac8 17. Bd5 Qxe3+ 18. Kb1 axb6 19. Rhe1 Qf2 20. Ne4
Qf4 21. Qxb6 Qc7 22. Qxc7 Rxc7 23. Rc1 Rd8 24. Nd6 Ba8 25. Re8+ Rxe8 26. Nxe8
Rc8 27. Nd6 Rc7 28. Nxf7 Kf8 29. Ng5 Ke7 30. Nxh7 Kd6 31. Bf3 Bb7 32. Ng5 Ba6
33. Nf7+ Ke6 34. Rxc6+ 1-0

[Event "XXVI Festival Isola d'Elba A"]
[Site "Capoliveri ITA"]
[Date "2008.05.11"]
[Round "2"]
[White "Doleschal, Johannes"]
[Black "Nelli, Carlo"]
[Result "1-0"]
[WhiteElo "2037"]
[BlackElo "1948"]
[PlyCount "95"]
[EventDate "2008.05.10"]

1. e4 d6 2. d4 Nf6 3. Nc3 g6 4. Nf3 Bg7 5. Be2 O-O 6. O-O Bg4 7. h3 Bxf3 8.
Bxf3 e5 9. dxe5 dxe5 10. Qxd8 Rxd8 11. Bg5 c6 12. Rad1 Na6 13. Rxd8+ Rxd8 14.
Rd1 Rxd1+ 15. Bxd1 Nc5 16. f3 Ne6 17. Be3 b6 18. Ne2 Bf8 19. c3 Bc5 20. Kf2 a5
21. Bxc5 Nxc5 22. Ke3 Kf8 23. b4 Nb7 24. Bb3 b5 25. a4 Ke7 26. Nc1 Nd7 27. axb5
cxb5 28. Bd5 axb4 29. Bxb7 bxc3 30. Bc6 Nc5 31. Bxb5 Kd6 32. Bd3 Ne6 33. Ne2
Kc5 34. Nxc3 Nf4 35. Bf1 Kd6 36. g3 Nh5 37. Kf2 f5 38. Bd3 f4 39. g4 Nf6 40.
Bc4 g5 41. Nd5 Nd7 42. Bb5 Nf8 43. Be8 Ke6 44. Ke2 Kd6 45. Bf7 Kd7 46. Bg8 Kd6
47. Nf6 h6 48. Bd5 1-0

[Event "XXVI Festival Isola d'Elba A"]
[Site "Capoliveri ITA"]
[Date "2008.05.11"]
[Round "2"]
[White "Horton-Kitchlew, Andrew"]
[Black "Gardi, Giuseppe"]
[Result "1-0"]
[WhiteElo "2105"]
[BlackElo "2061"]
[PlyCount "121"]
[EventDate "2008.05.10"]

1. d4 g6 2. e4 Bg7 3. Bc4 d6 4. Qf3 e6 5. Ne2 Nd7 6. h4 h6 7. Nf4 Qe7 8. Nc3 c6
9. Be3 b5 10. e5 d5 11. Bd3 Nb6 12. a4 b4 13. Nce2 a5 14. c4 Ba6 15. cxd5 cxd5
16. O-O Bxd3 17. Nxd3 Qxh4 18. Rac1 Qe4 19. Qxe4 dxe4 20. Nc5 Ne7 21. Nxe4 Ned5
22. Nd6+ Ke7 23. Nf4 Rhd8 24. Nxd5+ Nxd5 25. Bd2 Kf8 26. Rc5 Rdb8 27. Rfc1 Kg8
28. Ne4 g5 29. b3 Kh7 30. g4 Kg6 31. Kg2 Bf8 32. R5c4 Be7 33. Kg3 Bd8 34. f4
gxf4+ 35. Bxf4 Bg5 36. Bxg5 hxg5 37. Rf1 Rh8 38. Rc5 Nf4 39. Rxf4 gxf4+ 40.
Kxf4 Rhc8 41. Rb5 Rcb8 42. Rc5 Rc8 43. Nd6 Rd8 44. Rc7 f6 45. Re7 fxe5+ 46.
Kxe5 Rxd6 47. Kxd6 Rd8+ 48. Kc5 Rd5+ 49. Kc4 Kf6 50. Rb7 Rd8 51. Rb5 Rc8+ 52.
Rc5 Ra8 53. Kb5 Rd8 54. Kxa5 Rxd4 55. g5+ Ke7 56. Kb5 Rf4 57. a5 Kd6 58. a6 Rf8
59. a7 Ra8 60. Rc6+ Kd7 61. Kb6 1-0

[Event "XXVI Festival Isola d'Elba A"]
[Site "Capoliveri ITA"]
[Date "2008.05.11"]
[Round "2"]
[White "Juhasz, Nagy Sandor"]
[Black "Paleologu, Vladimir"]
[Result "0-1"]
[WhiteElo "1938"]
[BlackElo "2170"]
[PlyCount "110"]
[EventDate "2008.05.10"]

1. e4 e5 2. Nf3 d6 3. Bc4 h6 4. d4 Qe7 5. O-O g5 6. Nc3 c6 7. dxe5 dxe5 8. g3
Bg4 9. Be2 Nd7 10. Ne1 Be6 11. Be3 O-O-O 12. Nd3 Ngf6 13. b4 Bc4 14. Qc1 Bxd3
15. cxd3 Qxb4 16. Bxa7 Bc5 17. Rb1 Qa5 18. Bxc5 Nxc5 19. Qc2 Ne6 20. Qb2 Rd7
21. Bd1 Nd4 22. Na4 Kb8 23. Nb6 Re7 24. Nc4 Qc5 25. a4 h5 26. Qb4 Qxb4 27. Rxb4
Rd8 28. a5 Kc7 29. Kg2 Nb5 30. Bc2 Nd7 31. f4 gxf4 32. gxf4 f6 33. Ba4 Nc3 34.
fxe5 fxe5 35. Rf5 c5 36. Rb3 Nxa4 37. Ra3 b5 38. axb6+ Naxb6 39. Nxb6 Kxb6 40.
Rxh5 Rf7 41. Rb3+ Kc6 42. Rg5 Rh8 43. h3 Rfh7 44. Rg6+ Kc7 45. Ra3 Rb8 46. Ra7+
Rb7 47. Raa6 Rb2+ 48. Kg3 Kb7 49. Rad6 c4 50. dxc4 Nc5 51. Rd5 Nxe4+ 52. Kf3
Nd2+ 53. Ke2 Nxc4+ 54. Kd3 Rd2+ 55. Kxc4 Rc7+ 0-1

[Event "XXVI Festival Isola d'Elba A"]
[Site "Capoliveri ITA"]
[Date "2008.05.11"]
[Round "2"]
[White "Kopischke, Maik"]
[Black "Ricci, Alfredo"]
[Result "1/2-1/2"]
[WhiteElo "1949"]
[BlackElo "2036"]
[PlyCount "117"]
[EventDate "2008.05.10"]

1. d4 Nf6 2. Nf3 c5 3. c3 e6 4. Bg5 Qb6 5. Qb3 Qxb3 6. axb3 Nc6 7. e3 b6 8. Bd3
Bb7 9. Nbd2 Be7 10. O-O O-O 11. Nc4 d6 12. Bf4 Rfd8 13. Rfd1 h6 14. h3 d5 15.
Nce5 Na5 16. Bc2 cxd4 17. exd4 Rdc8 18. Nh2 a6 19. Nhg4 Nxg4 20. Nxg4 Nc6 21.
Rd3 Nb4 22. Rd2 Nxc2 23. Rxc2 a5 24. Ne5 Bc6 25. Nxc6 Rxc6 26. Kf1 b5 27. Ke2
h5 28. Kd3 a4 29. b4 Rca6 30. Ra3 Kf8 31. Rc1 Ke8 32. Rca1 Kd7 33. b3 Kc6 34.
bxa4 bxa4 35. Rb1 Kb5 36. Bc7 Rc8 37. Bf4 g6 38. Re1 Raa8 39. Rea1 g5 40. Be5
g4 41. hxg4 hxg4 42. Rh1 f6 43. Rh7 fxe5 44. Rxe7 e4+ 45. Ke3 Ra6 46. Rb7+ Kc4
47. Rg7 Rh8 48. Rxg4 Rh1 49. Rg7 Rb1 50. Rc7+ Kb5 51. Rb7+ Kc6 52. Rb8 Kc7 53.
Rb5 Rb3 54. Rc5+ Kb6 55. Ra2 a3 56. Kd2 Rb1 57. Kc2 Rf1 58. Kb3 Rb1+ 59. Kc2
1/2-1/2

[Event "XXVI Festival Isola d'Elba A"]
[Site "Capoliveri ITA"]
[Date "2008.05.11"]
[Round "2"]
[White "Ortega, Lexy"]
[Black "Lazar, Andras"]
[Result "1-0"]
[WhiteElo "2459"]
[BlackElo "2111"]
[PlyCount "60"]
[EventDate "2008.05.10"]

1. d4 Nf6 2. Nf3 c6 3. Bf4 d5 4. e3 Bf5 5. c4 e6 6. Nc3 Nbd7 7. Qb3 Qb6 8. c5
Qxb3 9. axb3 Be7 10. h3 O-O 11. b4 b5 12. Ra6 Rfc8 13. Be2 Ne4 14. O-O g5 15.
Bh2 Nxc3 16. bxc3 Kf8 17. Rfa1 Ke8 18. Rxa7 Rxa7 19. Rxa7 f6 20. Nd2 Bg6 21.
Nb3 e5 22. dxe5 fxe5 23. Bg4 Rd8 24. Na5 h5 25. Bxd7+ Rxd7 26. Ra8+ Bd8 27.
Bxe5 Kf7 28. Nxc6 Ke6 29. Rxd8 Rxd8 30. Nxd8+ Kxe5 1-0

[Event "XXVI Festival Isola d'Elba A"]
[Site "Capoliveri ITA"]
[Date "2008.05.11"]
[Round "2"]
[White "Oschetzki, Stefan"]
[Black "Bartoli, Fabio"]
[Result "1-0"]
[WhiteElo "2175"]
[BlackElo "1869"]
[PlyCount "113"]
[EventDate "2008.05.10"]

1. e4 c5 2. c3 d5 3. exd5 Qxd5 4. d4 cxd4 5. cxd4 Nc6 6. Nf3 Bg4 7. Be2 e6 8.
O-O Nf6 9. Nc3 Qa5 10. Qb3 Qb4 11. Rd1 Qxb3 12. axb3 O-O-O 13. Be3 Nd5 14. Nxd5
Rxd5 15. h3 Bh5 16. g4 Bg6 17. Ne5 Nxe5 18. dxe5 Rxd1+ 19. Bxd1 a6 20. Bf3 Be7
21. Ba7 Bg5 22. Bc5 Rd8 23. Bd6 f6 24. Ra5 fxe5 25. Rc5+ Kd7 26. Bxe5 Rc8 27.
Rxc8 Kxc8 28. Bxg7 b5 29. Bc3 Kc7 30. Kg2 Bf4 31. Ba5+ Kb8 32. Bc6 Bc2 33. Kf3
Bc1 34. Bc3 Bxb3 35. Be4 Bd1+ 36. Kg3 h5 37. f3 hxg4 38. Kxg4 Kc7 39. h4 Kd6
40. Kh5 e5 41. Kg6 Bf4 42. Bb4+ Ke6 43. h5 Bb3 44. h6 Bxh6 45. Kxh6 Bc4 46. Kg5
Be2 47. Kg4 Bd1 48. Bb7 Be2 49. Kg3 a5 50. Bxa5 Kd6 51. Bb4+ Kc7 52. Be4 Kd7
53. Kf2 Bc4 54. Ke3 Ke6 55. Bc3 Bb3 56. Bd3 Ba4 57. Ke4 1-0

[Event "XXVI Festival Isola d'Elba A"]
[Site "Capoliveri ITA"]
[Date "2008.05.11"]
[Round "2"]
[White "Papa, Angelo"]
[Black "Ceccarini, Marco"]
[Result "0-1"]
[WhiteElo "1874"]
[BlackElo "2077"]
[PlyCount "82"]
[EventDate "2008.05.10"]

1. d4 g6 2. e4 Bg7 3. Nc3 c6 4. Be3 d5 5. Qd2 dxe4 6. Nxe4 Nd7 7. O-O-O Ngf6 8.
f3 Nxe4 9. fxe4 Nf6 10. e5 Nd5 11. Bh6 Bxh6 12. Qxh6 Qa5 13. Bc4 Bf5 14. Qd2
Qxd2+ 15. Rxd2 Ne3 16. Bb3 Nxg2 17. Ne2 Ne3 18. Ng3 e6 19. Re1 Ng4 20. Nxf5
gxf5 21. h3 Nh6 22. Rg2 Ke7 23. Rg7 Rag8 24. Reg1 Kf8 25. Rxg8+ Rxg8 26. Rxg8+
Nxg8 27. Kd2 Kg7 28. Ke3 Kg6 29. c4 Ne7 30. a4 Kg5 31. Bd1 a5 32. Bf3 Kh4 33.
Kf4 Ng6+ 34. Ke3 Kg3 35. b3 Nh4 36. Bh5 f4+ 37. Ke2 Kg2 38. d5 f3+ 39. Bxf3+
Nxf3 40. d6 Nxe5 41. Ke3 Kg3 0-1

[Event "XXVI Festival Isola d'Elba A"]
[Site "Capoliveri ITA"]
[Date "2008.05.11"]
[Round "2"]
[White "Scipioni, Gaetano"]
[Black "Bossoni, Mario"]
[Result "1/2-1/2"]
[WhiteElo "2124"]
[BlackElo "1977"]
[PlyCount "78"]
[EventDate "2008.05.10"]

1. Nf3 d5 2. d4 Nf6 3. Bf4 e6 4. e3 c5 5. c3 Nc6 6. Nbd2 Bd6 7. Bg3 b6 8. Bd3
cxd4 9. exd4 Qc7 10. Qe2 O-O 11. Ne5 Re8 12. O-O Bb7 13. f4 Ne7 14. Rae1 Nf5
15. Bf2 g6 16. g4 Ng7 17. Bh4 Nd7 18. Bb5 Bc8 19. Ndf3 a6 20. Bd3 Bb7 21. Nxd7
Qxd7 22. Ne5 Qc7 23. Bf6 Be7 24. Bxe7 Rxe7 25. g5 Nh5 26. Qf3 f5 27. Qe3 Ng7
28. Rf3 Ne8 29. Rh3 Nd6 30. Qg3 Rg7 31. Qf2 Ne4 32. Bxe4 dxe4 33. Rh6 b5 34. h4
Bc6 35. h5 Be8 36. hxg6 Bxg6 37. Rh3 Re8 38. Qc2 Ree7 39. Qb3 Qd6 1/2-1/2

[Event "XXVI Festival Isola d'Elba A"]
[Site "Capoliveri ITA"]
[Date "2008.05.11"]
[Round "2"]
[White "Vuelban, Virgilio"]
[Black "Giacometto, Mario"]
[Result "1/2-1/2"]
[WhiteElo "2270"]
[BlackElo "1925"]
[PlyCount "64"]
[EventDate "2008.05.10"]

1. d4 Nf6 2. c4 g6 3. Nc3 Bg7 4. e4 d6 5. f3 O-O 6. Be3 e5 7. d5 Nh5 8. Qd2 f5
9. O-O-O f4 10. Bf2 Rf7 11. Kb1 Bf8 12. Nge2 c5 13. Nc1 Bd7 14. Nd3 Na6 15. Be2
h6 16. g3 Qf6 17. Rdg1 Kh7 18. g4 Ng7 19. g5 Qd8 20. gxh6 Nh5 21. Nb5 b6 22.
Bf1 Nc7 23. Be1 Nxb5 24. cxb5 Bxh6 25. Qg2 Rg7 26. Nf2 Be8 27. Ng4 a6 28. bxa6
b5 29. h4 Rxa6 30. Nxh6 Kxh6 31. a3 Kh7 32. Qg5 Qb6 1/2-1/2

[Event "XXVI Festival Isola d'Elba A"]
[Site "Capoliveri ITA"]
[Date "2008.05.12"]
[Round "3"]
[White "Bartoli, Fabio"]
[Black "Juhasz, Nagy Sandor"]
[Result "0-1"]
[WhiteElo "1869"]
[BlackElo "1938"]
[PlyCount "84"]
[EventDate "2008.05.10"]

1. e4 c6 2. d4 d5 3. e5 Bf5 4. Bd3 Bxd3 5. Qxd3 e6 6. Ne2 Qb6 7. c3 c5 8. O-O
Nc6 9. b3 cxd4 10. cxd4 Rc8 11. Nbc3 Bb4 12. Na4 Qc7 13. a3 Ba5 14. b4 Bb6 15.
Bg5 h6 16. Bh4 a6 17. Rac1 Ba7 18. Kh1 Nge7 19. Nc5 Nf5 20. Bg3 O-O 21. f4 Bxc5
22. Rxc5 b6 23. Rcc1 Qb7 24. Bf2 Na7 25. g4 Ne7 26. f5 Rc4 27. Bh4 Rfc8 28. Qf3
exf5 29. gxf5 Nb5 30. Rxc4 Rxc4 31. Bxe7 Qxe7 32. Qxd5 Rc2 33. Qa8+ Kh7 34. Qe4
Qc7 35. f6+ g6 36. Nf4 Qc4 37. Rg1 Qa2 38. Ng2 Re2 39. Qf4 Qd5 40. h4 Nxd4 41.
h5 g5 42. Qg4 Re4 0-1

[Event "XXVI Festival Isola d'Elba A"]
[Site "Capoliveri ITA"]
[Date "2008.05.12"]
[Round "3"]
[White "Bodenschatz, Josef"]
[Black "Castiello, Luigi"]
[Result "1/2-1/2"]
[WhiteElo "2023"]
[BlackElo "2142"]
[PlyCount "135"]
[EventDate "2008.05.10"]

1. e4 c5 2. Nc3 Nc6 3. f4 e6 4. Nf3 a6 5. a4 Nf6 6. d3 d5 7. e5 Ng8 8. g3 Nge7
9. Bg2 Nf5 10. Qe2 Bd7 11. O-O h5 12. Bh3 Nfd4 13. Qf2 Nxf3+ 14. Qxf3 Qc7 15.
Bd2 Nd4 16. Qd1 Bc6 17. Ne2 Nxe2+ 18. Qxe2 g6 19. c4 dxc4 20. dxc4 O-O-O 21.
Bc3 Be7 22. b3 Rd7 23. Rfd1 Rhd8 24. Rxd7 Qxd7 25. Ba5 Qd3 26. Qxd3 Rxd3 27.
Rb1 Be4 28. b4 Rxg3+ 29. hxg3 Bxb1 30. b5 Bd3 31. Bf1 Bc2 32. Kf2 Bxa4 33. b6
Bc6 34. Bd3 Bd8 35. Bc2 Kd7 36. Bd1 Ke8 37. Be2 f6 38. Bd3 Kf7 39. Be2 fxe5 40.
fxe5 h4 41. Bg4 Be4 42. gxh4 Bxh4+ 43. Ke3 Bc6 44. Kf4 Bd8 45. Bh3 g5+ 46. Ke3
Be7 47. Bg4 Bg2 48. Kf2 Bc6 49. Bh5+ Kg7 50. Bg4 Bd7 51. Bf3 Bc8 52. Kg3 Kh6
53. Kg4 Bf8 54. Bd2 Be7 55. Be4 Bd8 56. Ba5 Kg7 57. Bf3 Kg6 58. Be4+ Kf7 59.
Bf3 Ke8 60. Be4 Kd7 61. Bc2 Be7 62. Be4 Ke8 63. Bg6+ Kf8 64. Be4 Kg7 65. Bd2
Kf7 66. Bc3 Bf8 67. Bd2 Be7 68. Bc3 1/2-1/2

[Event "XXVI Festival Isola d'Elba A"]
[Site "Capoliveri ITA"]
[Date "2008.05.12"]
[Round "3"]
[White "Bossoni, Mario"]
[Black "Proia, Gaetano"]
[Result "1/2-1/2"]
[WhiteElo "1977"]
[BlackElo "2026"]
[PlyCount "72"]
[EventDate "2008.05.10"]

1. e4 e5 2. Bc4 Nf6 3. Qe2 Bc5 4. d3 h6 5. c3 O-O 6. Nf3 d6 7. Nbd2 Be6 8. O-O
Qe8 9. Re1 Nc6 10. Bxe6 fxe6 11. b4 Bb6 12. Nc4 Nh5 13. a4 a6 14. Nxb6 cxb6 15.
g3 Nf6 16. h3 Qh5 17. Kg2 g5 18. Nh2 Qg6 19. Be3 Rf7 20. Rg1 Nh5 21. Kh1 d5 22.
Bxb6 Nf6 23. b5 Ne7 24. Ng4 Nd7 25. Bc7 Qg7 26. Rac1 Ng6 27. exd5 exd5 28. Bd6
h5 29. Ne3 Qf6 30. Bb4 Qxf2 31. Qxf2 Rxf2 32. Nxd5 axb5 33. a5 Rf3 34. Rcd1 Rc8
35. Kg2 Rf7 36. Rdf1 Rc6 1/2-1/2

[Event "XXVI Festival Isola d'Elba A"]
[Site "Capoliveri ITA"]
[Date "2008.05.12"]
[Round "3"]
[White "Calisi, Elia"]
[Black "Scipioni, Gaetano"]
[Result "0-1"]
[WhiteElo "1874"]
[BlackElo "2124"]
[PlyCount "72"]
[EventDate "2008.05.10"]

1. d4 d5 2. c4 c6 3. e3 Nf6 4. Nf3 e6 5. Bd3 Bd6 6. O-O Nbd7 7. Nc3 O-O 8. Re1
dxc4 9. Bxc4 b5 10. Bd3 Bb7 11. e4 e5 12. Bg5 h6 13. Bxf6 Qxf6 14. d5 a6 15.
dxc6 Bxc6 16. Rc1 Rac8 17. a4 b4 18. Nd5 Bxd5 19. exd5 a5 20. Bb5 Nc5 21. Nd2
e4 22. b3 Qg6 23. Rc4 f5 24. Qe2 Rcd8 25. Rc2 Kh8 26. Rec1 Rc8 27. f3 Qf6 28.
Kh1 Qe5 29. g3 Qxd5 30. fxe4 fxe4 31. Qc4 Qb7 32. Kg1 Qb6 33. Kg2 Nd3 34. Qxc8
Rxc8 35. Rxc8+ Kh7 36. Bxd3 exd3 0-1

[Event "XXVI Festival Isola d'Elba A"]
[Site "Capoliveri ITA"]
[Date "2008.05.12"]
[Round "3"]
[White "Ceccarini, Marco"]
[Black "Codenotti, Marco"]
[Result "1-0"]
[WhiteElo "2077"]
[BlackElo "2063"]
[PlyCount "97"]
[EventDate "2008.05.10"]

1. d4 d6 2. Nf3 Nf6 3. g3 g6 4. Bg2 Bg7 5. O-O O-O 6. b3 c5 7. Bb2 Nbd7 8. c4
Rb8 9. Nbd2 a6 10. Rc1 b6 11. Re1 Bb7 12. d5 b5 13. e4 bxc4 14. bxc4 a5 15. Bc3
Ng4 16. Bxg7 Kxg7 17. Nh4 Nge5 18. Qe2 f6 19. f4 Nf7 20. Bh3 Ba6 21. Nb3 a4 22.
Na5 Qxa5 23. Bxd7 a3 24. Rc2 Rb2 25. Rec1 Rfb8 26. Nf3 R8b4 27. Nd2 Rxc2 28.
Rxc2 Rb2 29. Nb3 Rxc2 30. Qxc2 Qb4 31. Nd2 Qb2 32. Qxb2 axb2 33. Bb5 Bxb5 34.
cxb5 c4 35. Nb1 Nd8 36. Kf2 Nb7 37. Ke3 Kf7 38. Kd4 Na5 39. Kc3 e6 40. Kb4 Nb7
41. a4 f5 42. exf5 gxf5 43. a5 Nxa5 44. Kxa5 exd5 45. b6 d4 46. b7 c3 47. b8=Q
Ke6 48. Qg8+ Kf6 49. Qc4 1-0

[Event "XXVI Festival Isola d'Elba A"]
[Site "Capoliveri ITA"]
[Date "2008.05.12"]
[Round "3"]
[White "Evangelisti, Claudio R."]
[Black "Ortega, Lexy"]
[Result "1-0"]
[WhiteElo "2244"]
[BlackElo "2459"]
[PlyCount "83"]
[EventDate "2008.05.10"]

1. c4 e6 2. Nf3 d5 3. d4 c6 4. Nbd2 Nf6 5. g3 Nbd7 6. Bg2 b5 7. cxb5 cxb5 8.
O-O Bd6 9. e4 dxe4 10. Ng5 Be7 11. Ndxe4 Rb8 12. Nxf7 Kxf7 13. Ng5+ Kg8 14.
Nxe6 Qe8 15. Bf4 Rb6 16. Re1 Bb4 17. Qb3 Bxe1 18. Ng5+ Kf8 19. Rc1 Bxf2+ 20.
Kxf2 Ba6 21. h3 h6 22. Bc6 Rxc6 23. Rxc6 Ne4+ 24. Nxe4 Qxe4 25. Re6 Qxd4+ 26.
Be3 Qc4 27. Qxc4 bxc4 28. Rxa6 Ke7 29. Rxa7 Rc8 30. Bd4 g5 31. Ra6 h5 32. Rh6
Rf8+ 33. Ke2 g4 34. hxg4 hxg4 35. Rg6 Ra8 36. a3 Rb8 37. Rxg4 Nb6 38. Rg7+ Kf8
39. Rh7 Re8+ 40. Kd2 Re6 41. Bxb6 Rxb6 42. Kc2 1-0

[Event "XXVI Festival Isola d'Elba A"]
[Site "Capoliveri ITA"]
[Date "2008.05.12"]
[Round "3"]
[White "Gambardella, Piero"]
[Black "Papa, Angelo"]
[Result "1/2-1/2"]
[WhiteElo "2024"]
[BlackElo "1874"]
[PlyCount "63"]
[EventDate "2008.05.10"]

1. d4 g6 2. c4 Bg7 3. Nc3 d6 4. e4 Nf6 5. f3 O-O 6. Bg5 Nc6 7. Nge2 a6 8. Qd2
Rb8 9. O-O-O b5 10. h4 h5 11. Bh6 e5 12. Bxg7 Kxg7 13. Nd5 bxc4 14. dxe5 Nxe5
15. Nec3 Re8 16. f4 Neg4 17. Bxc4 Bb7 18. Rhe1 Bxd5 19. Bxd5 Qd7 20. Qd4 Kh7
21. Bb3 Qc8 22. Bxf7 Qb7 23. Nd5 Nxd5 24. exd5 c5 25. dxc6 Qxf7 26. Rxe8 Qxe8
27. f5 Qe3+ 28. Qxe3 Nxe3 29. fxg6+ Kg7 30. Rxd6 Nf5 31. c7 Rc8 32. Rc6 1/2-1/2

[Event "XXVI Festival Isola d'Elba A"]
[Site "Capoliveri ITA"]
[Date "2008.05.12"]
[Round "3"]
[White "Gardi, Giuseppe"]
[Black "Bini, Lorenzo"]
[Result "1/2-1/2"]
[WhiteElo "2061"]
[BlackElo "2023"]
[PlyCount "74"]
[EventDate "2008.05.10"]

1. d4 f5 2. Nf3 Nf6 3. g3 c6 4. Bg2 g6 5. O-O Bg7 6. b4 a5 7. bxa5 Qxa5 8. c4
d6 9. Bb2 Be6 10. Nbd2 h6 11. Qc2 O-O 12. Nh4 g5 13. Nhf3 Na6 14. a3 Nc7 15. a4
Ne4 16. Nxe4 fxe4 17. Nd2 d5 18. e3 Bg4 19. f3 exf3 20. Bxf3 Bxf3 21. Nxf3 dxc4
22. Qxc4+ Qd5 23. Nd2 Qxc4 24. Nxc4 Rxf1+ 25. Kxf1 b5 26. axb5 Rxa1+ 27. Bxa1
cxb5 28. Nd2 Nd5 29. Ke2 Kf7 30. Bb2 e6 31. Ne4 Ke7 32. Nc5 Kd6 33. Nd3 Kc6 34.
e4 Nf6 35. Kf3 h5 36. Ne5+ Kc7 37. h3 Nh7 1/2-1/2

[Event "XXVI Festival Isola d'Elba A"]
[Site "Capoliveri ITA"]
[Date "2008.05.12"]
[Round "3"]
[White "Giacometto, Mario"]
[Black "Horton-Kitchlew, Andrew"]
[Result "1/2-1/2"]
[WhiteElo "1925"]
[BlackElo "2105"]
[PlyCount "215"]
[EventDate "2008.05.10"]

1. e4 d6 2. d4 c6 3. Nc3 g6 4. Be3 Bg7 5. Qd2 b5 6. f3 a5 7. Bd3 b4 8. Nd1 Nf6
9. a3 bxa3 10. Rxa3 Nbd7 11. Ne2 O-O 12. O-O c5 13. Nf2 Nb6 14. dxc5 dxc5 15.
Rfa1 a4 16. e5 Nfd5 17. Bh6 Qc7 18. Bxg7 Kxg7 19. Be4 Rd8 20. Qg5 Nc4 21. Rd3
Be6 22. f4 Nxb2 23. Rf3 Nc4 24. Ng3 h6 25. Qh4 Rh8 26. f5 Qxe5 27. Rd1 g5 28.
Nh5+ Kg8 29. Qg3 a3 30. fxe6 fxe6 31. Bxd5 exd5 32. Qxe5 Nxe5 33. Re3 a2 34.
Ra1 Nc6 35. c3 Rb8 36. Kf1 d4 37. Ree1 Rb2 38. Nd3 Rd2 39. Nxc5 dxc3 40. Re2
Rb2 41. Nd3 Rb1+ 42. Re1 c2 43. Rc1 Kh7 44. Rxa2 Nb4 45. Raxc2 Rf8+ 46. Ke2 Rb3
47. Nxb4 Rxb4 48. Rc4 Rb2+ 49. R1c2 Rb5 50. Re4 Rf7 51. g4 Rb1 52. Kd3 Rf3+ 53.
Kd4 Rd1+ 54. Ke5 Rd7 55. Ke6 Rfd3 56. Kf7 e5+ 57. Ke6 Kg6 58. Rc6 Ra7 59. Kxe5+
Kh7 60. Nf6+ Kg7 61. Rc7+ Rxc7 62. Ne8+ Kg6 63. Nxc7 Rd2 64. Rd4 Re2+ 65. Re4
Rxh2 66. Kd6 h5 67. Re6+ Kf7 68. Re5 hxg4 69. Rxg5 Rg2 70. Nd5 Rg1 71. Ke5 g3
72. Ne3 Ke8 73. Kf4 Kd8 74. Kf3 Kc8 75. Ng2 Kb8 76. Rg7 Kc8 77. Kxg3 Kd8 78.
Kf3 Rf1+ 79. Ke4 Rg1 80. Ke3 Ke8 81. Kf2 Kf8 82. Ra7 Rd1 83. Ne3 Rb1 84. Kf3
Ke8 85. Ke4 Re1 86. Kd4 Kd8 87. Nc4 Rd1+ 88. Kc5 Rc1 89. Rh7 Ke8 90. Kd5 Kf8
91. Ne5 Ra1 92. Ke6 Re1 93. Rb7 Re2 94. Kf5 Rf2+ 95. Kg6 Rg2+ 96. Kf5 Rf2+ 97.
Ke4 Re2+ 98. Kd5 Rd2+ 99. Ke6 Re2 100. Rb8+ Kg7 101. Rd8 Re1 102. Rd7+ Kf8 103.
Rd5 Kg7 104. Kd7 Kf6 105. Rd6+ Kf5 106. Nf3 Ra1 107. Nd4+ Ke4 108. Ne6 1/2-1/2

[Event "XXVI Festival Isola d'Elba A"]
[Site "Capoliveri ITA"]
[Date "2008.05.12"]
[Round "3"]
[White "Lazar, Andras"]
[Black "Doleschal, Johannes"]
[Result "1-0"]
[WhiteElo "2111"]
[BlackElo "2037"]
[PlyCount "77"]
[EventDate "2008.05.10"]

1. e4 e5 2. Nc3 Nc6 3. Bc4 Nf6 4. Nf3 Nxe4 5. Nxe4 d5 6. Bd3 dxe4 7. Bxe4 Ne7
8. c3 f5 9. Bc2 Qd6 10. d4 e4 11. Ne5 Be6 12. Ba4+ c6 13. O-O O-O-O 14. Bg5 Re8
15. Bb3 g6 16. c4 Ng8 17. c5 Qc7 18. Bxe6+ Rxe6 19. Qb3 Rxe5 20. dxe5 Qxe5 21.
Rfd1 Be7 22. Bxe7 Nxe7 23. Qa3 a6 24. Qc3 Qxc3 25. bxc3 Rd8 26. c4 Rd3 27. Rxd3
exd3 28. Rd1 Kc7 29. Rxd3 Nc8 30. Rh3 h5 31. Kf1 b6 32. Rg3 bxc5 33. Rxg6 Nd6
34. Rg5 Kb6 35. Rxh5 Nxc4 36. Rxf5 Nd6 37. Rf3 c4 38. Ke1 Kb5 39. h4 1-0

[Event "XXVI Festival Isola d'Elba A"]
[Site "Capoliveri ITA"]
[Date "2008.05.12"]
[Round "3"]
[White "Luciani, Carlo"]
[Black "Vuelban, Virgilio"]
[Result "0-1"]
[WhiteElo "2256"]
[BlackElo "2270"]
[PlyCount "82"]
[EventDate "2008.05.10"]

1. e4 c5 2. Nf3 d6 3. d4 cxd4 4. Nxd4 Nf6 5. Nc3 Nc6 6. h3 g6 7. Be3 Bg7 8. g4
O-O 9. Bg2 Bd7 10. Qd2 Rc8 11. Rd1 Ne5 12. b3 Qc7 13. Nce2 Rfd8 14. c4 a6 15.
O-O h5 16. g5 Nh7 17. f4 Nc6 18. Nxc6 Bxc6 19. Bd4 e5 20. Bc3 b5 21. f5 bxc4
22. bxc4 Ba8 23. f6 Bf8 24. Ba5 Qc5+ 25. Kh2 Re8 26. h4 Qxc4 27. Nc3 Rc5 28.
Bb6 Qxc3 29. Bxc5 Qxc5 30. Rc1 Qb6 31. Rc2 d5 32. exd5 e4 33. Rd1 e3 34. Qe1
Qb8+ 35. Kg1 Qf4 36. Re2 Bd6 37. Bh1 Bb7 38. Rb1 Bc8 39. Rb6 Bg4 40. Rxd6 Bxe2
41. Rb6 Bb5 0-1

[Event "XXVI Festival Isola d'Elba A"]
[Site "Capoliveri ITA"]
[Date "2008.05.12"]
[Round "3"]
[White "Mazzetta, Renato"]
[Black "Csala, Imre"]
[Result "0-1"]
[WhiteElo "1908"]
[BlackElo "2254"]
[PlyCount "58"]
[EventDate "2008.05.10"]

1. e4 g6 2. Nc3 Bg7 3. g3 e5 4. Bg2 Ne7 5. d3 c6 6. Nge2 d5 7. O-O d4 8. Nb1
O-O 9. Nd2 Nd7 10. f4 exf4 11. gxf4 f5 12. Ng3 Nc5 13. exf5 Bxf5 14. Nf3 Bg4
15. h3 Bc8 16. Ne4 Ne6 17. Nfg5 Nf5 18. Qe1 Nc7 19. Ng3 Re8 20. Qf2 Ne3 21. Re1
Ncd5 22. Be4 h6 23. Bxg6 hxg5 24. Bxe8 Nxf4 25. Bf7+ Kxf7 26. Nh5 Be5 27. Nxf4
gxf4 28. Bxe3 dxe3 29. Rxe3 Qg5+ 0-1